The role of affluence in the christian missionary enterprise from the west (Registro nro. 70235)
[ vista simple ]
| 000 -LÍDER | |
|---|---|
| Campo fijo de descripción fija | 01942nab a2200241 i 4500 |
| 001 - NÚMERO DE CONTROL | |
| Campo de control | 768714001 |
| 003 - IDENTIFICADOR DEL NÚMERO DE CONTROL | |
| Campo de control | CO-MdFUSB |
| 005 - FECHA Y HORA DE LA ULTIMA TRANSACCIÓN | |
| control field | 20240618062727.0 |
| 008 - ELEMENTOS DE LONGITUD FIJA -- INFORMACIÓN GENERAL | |
| Campo fijo de descripción fija -- Información general | 240617t1986 us ||||| |||| 00| 0 eng d |
| 040 ## - FUENTE DE CATALOGACIÓN | |
| Idioma de catalogación | spa |
| Agencia que realiza la transcripción | CO-MdFUSB |
| Agencia que realiza la modificación | CO-MdFUSB |
| 041 ## - CÓDIGO DE IDIOMA | |
| Código de idioma para texto/pista de sonido o título separado | eng |
| 100 ## - ASIENTO PRINCIPAL--NOMBRE PERSONAL | |
| Nombre personal | Bonk, Jon, |
| Fechas asociadas con el nombre | 1945- |
| Término relacionador | autor |
| 245 #3 - TÍTULO | |
| Título | The role of affluence in the christian missionary enterprise from the west |
| Mención de responsabilidad | / Jon Bonk |
| 520 ## - NOTA DE RESUMEN, ETC. | |
| Nota de sumario, etc. | El papel de la riqueza en la empresa misionera cristiana de Occidente.<br/>En este artículo, Bonk demuestra que la riqueza que ha sido parte integrante del esfuerzo misionero occidental durante 200 años no ha sido de ninguna manera una bendición absoluta. Los principales beneficios asociados con la riqueza siempre han tenido que ver con la supervivencia del misionero y la longevidad del servicio del misionero. Los efectos secundarios menos beneficiosos de la riqueza que deben sopesarse con sus beneficios incluyen consideraciones relacionadas con la sociología y la psicología de la disparidad. La experiencia humana muestra que la disparidad económica y la distancia social que la acompaña generan envidia y sospecha. Las personas tienden a establecer amistades con “los de su propia especie” económica y socialmente. En consecuencia, en el costo de la riqueza se incluyen factores que afectan la credibilidad del misionero y la comprensibilidad de su mensaje. Es importante, tanto por razones teológicas como prácticas, volver a la encarnación como modelo de estrategia misionera. |
| 546 ## - NOTA DE IDIOMA | |
| Nota de idioma | Texto en inglés. |
| 650 #0 - ASIENTO SECUNDARIO DE MATERIA - TERMINO TEMÁTICO | |
| Término temático o nombre geográfico como elemento de entrada | Misiones |
| 9 (RLIN) | 154 |
| 650 #7 - ASIENTO SECUNDARIO DE MATERIA - TERMINO TEMÁTICO | |
| Término temático o nombre geográfico como elemento de entrada | Ciencias sociales |
| 9 (RLIN) | 7078 |
| 650 #7 - ASIENTO SECUNDARIO DE MATERIA - TERMINO TEMÁTICO | |
| Término temático o nombre geográfico como elemento de entrada | Religión y cultura |
| 9 (RLIN) | 388 |
| 650 #0 - ASIENTO SECUNDARIO DE MATERIA - TERMINO TEMÁTICO | |
| Término temático o nombre geográfico como elemento de entrada | Finanzas de la Iglesia |
| 9 (RLIN) | 1119 |
| 773 0# - ASIENTO DE ITEM FUENTE | |
| Biblionumber | 70215 |
| Itemnumber | 82773 |
| Lugar, editorial y fecha de publicación | Pensilvania, Estados Unidos |
| Otro identificador del ítem | R2648 |
| Título | Missiology |
| Número de control del registro | (CO-MdFUSB)768714001 |
| Parte(s) relacionada(s) / Volumen., número. (mes año), páginas | Volumen14, (número 4, 1986) páginas: 437 - 462 |
| Enumeración y primera página | página: 437 |
| 942 ## - TIPO DE MATERIAL (KOHA) | |
| Tipo de Item KOHA | Artículos de Revista |
| 945 ## - INFORMACIÓN LOCAL DEL REGISTRO | |
| Catalogador | Catherine Arias Álvarez - Practicante SENA |
No hay ítems disponibles.
